Flagi państw arabskojęzycznych - Statystyki

Ogólne statystyki
  • Ten quiz został rozwiązany 180 razy
  • Średni wynik to 20 z 22
Statystyki odpowiedzi
Obrazkowy Odpowiedź % Poprawnych
Egipt
98%
Katar
98%
Maroko
98%
Tunezja
98%
Arabia Saudyjska
97%
Liban
96%
Algieria
95%
Bahrajn
94%
Irak
93%
Oman
91%
Czad
90%
Zjednoczone Emiraty Arabskie
89%
Jemen
88%
Kuwejt
87%
Syria
87%
Jordania
86%
Libia
85%
Mauretania
83%
Dżibuti
82%
Erytrea
80%
Komory
78%
Sudan
74%
Nie znaleziono quizów pasujących do podanych kryteriów
Rozkład punktacji
Procent ludzi z każdym wynikiem
Percentyl według liczby udzielonych odpowiedzi
Twoja historia wyników
Nie rozwiązałeś tego quizu